LEADER 02935nas 2200781- 450 001 9910389425203321 005 20241221111338.0 035 $a(OCoLC)42078998 035 $a(CKB)954921339120 035 $a(CONSER)---99103081- 035 $a(MiFhGG)1056 035 $a(EXLCZ)99954921339120 100 $a19990813a19429999 s-- - 101 0 $aeng 135 $aurcn||||||||| 135 $aurbn||||||abp 135 $aurbn||||||ada 181 $ctxt$2rdacontent 182 $cc$2rdamedia 183 $acr$2rdacarrier 200 00$aConsumer reports 210 1$aAlbany, N.Y. :$cConsumers Union of United States,$d1942- 215 $a1 online resource 300 $aIncludes Index of Consumer Reports articles, 1990-1995, a list of articles not included on the site but available in print or by fax. 311 08$a0010-7174 (DLC) 43033888 (OCoLC)1564931 330 $aFull access to the site, including product ratings and the current issue, is restricted to subscribers only. A limited number of selected reports, advice on product selection and safety alerts are freely available, as are a five year listing of product recalls, a listing of major consumer product manufacturers, and links to the websites of governmental and private agencies offering assistance to consumers. 517 1 $aCU 517 1 $aCR 517 1 $aConsumer reports online 531 $aCONSUMER REPORTS BUYING GUIDE 531 $aCONSUM REP 606 $aConsumer education$vPeriodicals 606 $aCommercial products$vPeriodicals 606 $aConsumer protection$vPeriodicals 606 $aConsumer Product Safety 606 $aConsumer Behavior 606 $aConsommateurs$vPériodiques 606 $aConsumer Protection & Product Reviews$2ebps 606 $aEducation du consommateur$2eclas 606 $aMensuels$2eclas 606 $aProduits$2eclas 606 $aProtection du consommateur$2eclas 606 $aCommercial products$2fast$3(OCoLC)fst00869578 606 $aConsumer education$2fast$3(OCoLC)fst00876300 606 $aConsumer protection$2fast$3(OCoLC)fst00876358 607 $aEtats-Unis d'Amérique$2eclas 608 $aPeriodical. 608 $aPeriodicals.$2fast 608 $aPeriodicals.$2lcgft 615 0$aConsumer education 615 0$aCommercial products 615 0$aConsumer protection 615 2$aConsumer Product Safety. 615 2$aConsumer Behavior. 615 6$aConsommateurs 615 7$aConsumer Protection & Product Reviews. 615 7$aEducation du consommateur. 615 7$aMensuels. 615 7$aProduits. 615 7$aProtection du consommateur. 615 7$aCommercial products. 615 7$aConsumer education. 615 7$aConsumer protection. 712 02$aConsumers Union of United States. 906 $aJOURNAL 912 $a9910389425203321 996 $aConsumer reports$92311889 997 $aUNINA